000 00246nam a2200121Ia 4500
100 _a#N/A
650 _aComputer/ IT
942 _cBK
654 _avisual basic 6
245 _aVisual Basic 6 : Complete Ref
260 _b#N/A
546 _aENGLISH
999 _c21478
_d21478